Statistics for Letters in Country Names

Click here to take the quiz!

General Stats

  • This quiz has been taken 27 times
  • The average score is 12 of 26

Answer Stats

CountLetter% Correct
276A
100%
159I
96%
124E
92%
145N
92%
93O
85%
101R
85%
84S
77%
83T
73%
73U
73%
70L
62%
57D
58%
55M
54%
51C
38%
46G
31%
49B
27%
27P
27%
20Y
27%
31H
23%
21K
19%
4Q
19%
18V
15%
2X
15%
17Z
15%
11F
8%
12W
8%
7J
4%

Score Distribution

Percentile by Number Answered

Percent of People with Each Score

Your Score History

You have not taken this quiz